Diseño de la estructura organizacional y del sistema de información que permitan la descentralización, por areas geográficas, de los servicios brindados por el Banco Interfin S.A
Сохранить в:
| Главный автор: | |
|---|---|
| Формат: | |
| Опубликовано: |
San José, Costa Rica
1991
|
| Предметы: | |
| Метки: |
Добавить метку
Нет меток, Требуется 1-ая метка записи!
|
MARC
| LEADER | 00000nam a2200000Ia 4500 | ||
|---|---|---|---|
| 003 | 007392 | ||
| 005 | 20221231144305.0 | ||
| 008 | 140114s1991 cr a m 000 ||s d | ||
| 040 | |c cru CEDI | ||
| 090 | |a TFG 3108 | ||
| 100 | |a Lukowiecki Lev, Max |9 11418 | ||
| 245 | |a Diseño de la estructura organizacional y del sistema de información que permitan la descentralización, por areas geográficas, de los servicios brindados por el Banco Interfin S.A | ||
| 260 | |c 1991 |a San José, Costa Rica | ||
| 300 | |a xiv, [298] hojas : ilustraciones ; 28 cm. | ||
| 500 | |a Proyecto de graduacion (licenciatura en ingenieria industrial)--Universidad de Costa Rica. Facultad de Ingeniería. Escuela de Ingenieria Industrial | ||
| 650 | |x BANCO INTERFIN (COSTA RICA) |x ADMINISTRACION |9 11419 | ||
| 942 | |c TFG | ||
| 999 | |c 19658 |d 19658 | ||
